000 02472cam a22005297a 4500
003 CHAP
005 20220329141719.0
008 971013c18241873 r 00010 d
010 _a72678
011 _a73650
035 _a83208
040 _cCHAP
082 _a580.12
_bC3
100 0 0 _aCandolle, Augustin Pyramus de
_eed.
_918346
245 0 _aProdromus systematis naturalis regni vegetabilis, sive enumeratio contracta ordinum generum specierumque plantarum huc usque cognitarum juxta methodi naturalis normas digesta
260 _aParis :
_bSumptibus Sociarum Trenttel et Wurtz,
_c1824-1873
300 _a17 t. en 20 v.
500 _aFalta portada el v.8
590 _aBATCH-UPD
_b10
_c20130110
_lUCH01
_h0657
590 _aBATCH-UPD
_b10
_c20130410
_lUCH01
_h0342
590 _aBATCH-UPD
_b10
_c20130914
_lUCH01
_h0736
590 _aCONVERSION
_b10
_c20130109
_lUCH01
_h1340
650 1 4 _aBotánica
_xClasificación.
_914516
700 0 _aCandolle, Alphonse Louis Pierre Pyramus de
_eed
_918344
901 _aBK
942 _cLIBRO
949 _a580.12 C3
_bBC
_cBPP
_d-138551
_eBPP
_fv.9
_h8858
_i83208
_si
949 _a580.12 C3
_bBC
_cBPP
_d-138552
_eBPP
_fv.10
_h8859
_i83208
_si
949 _a580.12 C3
_bBC
_cBPP
_d-138553
_eBPP
_fv.11
_h8860
_i83208
_si
949 _a580.12 C3
_bBC
_cBPP
_d-138554
_eBPP
_fv.12
_h8861
_i83208
_si
949 _a580.12 C3
_bBC
_cBPP
_d-138556
_eBPP
_fv.13 pte.1
_h8862
_i83208
_si
949 _a580.12 C3
_bBC
_cBPP
_d-138559
_eBPP
_fv.13 pte.2
_h8863
_i83208
_si
949 _a580.12 C3
_bBC
_cBPP
_d-138560
_eBPP
_fv.14
_h8864
_i83208
_si
949 _a580.12 C3
_bBC
_cBPP
_d-138561
_eBPP
_fv.15 pte.1
_h8865
_i83208
_si
949 _a580.12 C3
_bBC
_cBPP
_d-138562
_eBPP
_fv.15 pte.2
_h8866
_i83208
_si
949 _a580.12 C3
_bBC
_cBPP
_d-138563
_eBPP
_fv.16 pte.1
_h8867
_i83208
_si
949 _a580.12 C3
_bBC
_cBPP
_d-138564
_eBPP
_fv.16 pte.2
_h8868
_i83208
_si
949 _a580.12 C3
_bBC
_cBPP
_d-138565
_eBPP
_fv.17
_h8869
_i83208
_si
949 _a580.12 C3
_bBC
_cBPP
_d-37638
_eBPP
_fv.1
_h8850
_i83208
_si
949 _a580.12 C3
_bBC
_cBPP
_d-37639
_eBPP
_fv.2
_h8851
_i83208
_si
949 _a580.12 C3
_bBC
_cBPP
_d-37640
_eBPP
_fv.3
_h8852
_i83208
_si
949 _a580.12 C3
_bBC
_cBPP
_d-37641
_eBPP
_fv.4
_h8853
_i83208
_si
949 _a580.12 C3
_bBC
_cBPP
_d-37642
_eBPP
_fv.5
_h8854
_i83208
_si
949 _a580.12 C3
_bBC
_cBPP
_d-37643
_eBPP
_fv.6
_h8855
_i83208
_si
949 _a580.12 C3
_bBC
_cBPP
_d-65080
_eBPP
_fv.7
_h8856
_i83208
_si
949 _a580.12 C3
_bBC
_cBPP
_d-65081
_eBPP
_fv.8
_h8857
_i83208
_si
999 _c72678
_d72678